| 000 | 00576cam a22002052a 4500 | ||
|---|---|---|---|
| 001 | 006495 | ||
| 003 | AR-FADEU | ||
| 008 | 311216n1965####xxu####################dd | ||
| 092 |
_a305.4 _bH384 |
||
| 100 | _aHavel, J. E. | ||
| 245 | _aLa condición de la mujer | ||
| 260 | _aBuenos Aires | ||
| 260 | _bEUDEBA | ||
| 260 | _c1965 | ||
| 300 | _a191 p | ||
| 440 |
_aLectores de eudeba _n73 |
||
| 500 | _aIncluye bibliografía | ||
| 650 | _aMUJER-ANTIGUEDAD EUROPEA; MUJER-ANTIGUEDAD JUDIA; MUJER-PODER; MUJER-TRABAJO; MUJER-MATRIMONIO; MUJER-MATERNIDAD | ||
| 942 | _cBDGR | ||
| 999 |
_c12315 _d12315 |
||